000 01358nam0a2200301 i 4500
001 RU\NLR\bibl\1984365
005 20240921170837.0
010 _a9785948087078
_9300
021 _aRU
_b2012-95487
_97067
035 _a(NLR Aleph) 001973003
090 _a3981988
_c3981988
100 _a20130109d2012 u y0rusy50 ca
101 0 _arus
102 _aRU
105 _aa |||||||||
200 1 _aОсновы актуарных расчетов
_eучебное пособие
_fН.С. Садовин
_gМ-во образования и науки РФ, ФГБОУ ВПО "Мар. гос. ун-т", Ин-т экономики, упр. и финансов
210 _aЙошкар-Ола
_cФГБОУ ВПО "Марийский государственный университет"
_d2012
215 _a107 с.
_cил.
_d20
300 _aНа обл. авт. не указан
320 _aБиблиогр.: с. 94 (17 назв.)
606 1 _aСтрахование
_jУчебные издания для высших учебных заведений
_xАктуарные расчеты
_92285736
_3RU\NLR\auth\661369194
686 _aУ26(2)31в611я73
700 1 _aСадовин
_bН. С.
_gНиколай Степанович
_4070
801 0 _aRU
_bNLR
_c20130109
_gRCR
801 1 _aRU
_bNLR
_c20130109
942 _cBOOK
980 _aNBR